000 00481nam a22001817a 4500
003 MPLRDC
005 20220104123624.0
008 210129b ||||| |||| 00| 0 eng d
020 _a7-5304-1283-3
082 _a220.8 WDY v.5
100 _a王登云、肖识剑主编
245 _a佛经精华故事大观: 商人故事
_c
250 _a一版一刷
260 _a
_b北京科学技术出版社
_c1993
300 _b
650 _a佛教丛书
942 _cBK
_o220.8 WDY v.5
999 _c12869
_d12859